000 00317nam a22001337a 4500
008 171101b xxu||||| |||| 00| 0 eng d
020 _a9780415097499
041 _aeng
080 _a33
100 _a59
101 _aBUS
245 _aTHE NEWLY INDUSTRIALING ECONOMIESOF EAST ASIA
_cROBERT.K
942 _2udc
_cBK
999 _c37007
_d37007